Hodnocení obtížnosti učebnic struktury a parametry učiva

Gespeichert in:
Bibliographische Detailangaben
1. Verfasser: Průcha, Jan
Format: Buch
Sprache:Tschechisch
Veröffentlicht: Praha Státní nakladatelství technické literatury 1984
Tags: Tag hinzufügen
Keine Tags, Fügen Sie das erste Tag hinzu!

MARC

LEADER 00000nam a2200000 4500
001 c108870
005 20041019155142.6
041 0 |a cze 
044 |a CZ 
245 1 0 |a Hodnocení obtížnosti učebnic  |b struktury a parametry učiva  |c Jan Průcha 
264 1 |a Praha  |b Státní nakladatelství technické literatury  |c 1984 
300 |a 95 s. 
100 1 |a Průcha, Jan